Normal view
MARC view
- Integrated circuit layout
Entry Topical Term
001 - CONTROL NUMBER
- control field: 99196
003 - CONTROL NUMBER IDENTIFIER
- control field: NUST
005 - DATE AND TIME OF LATEST TRANSACTION
- control field: 20221006092958.0
008 - FIXED-LENGTH DATA ELEMENTS
- fixed length control field: 221006|| aca||aabn | a|a d
040 ## - CATALOGING SOURCE
- Original cataloging agency: NUST
- Transcribing agency: NUST
150 ## - HEADING--TOPICAL TERM
- Topical term or geographic name entry element: Integrated circuit layout
670 ## - SOURCE DATA FOUND
- Source citation: Work cat.: (NUST)175888: Vandenbussche, J. 99195, Systematic design of analog IP blocks /, 2003.
